000
00324 a2200121 4500
000
nam a22 7a 4500
005
20260320102641.0
020
_a
9781032090955
100
_a
Robert L. Jarret, Kevin McCluskey
_9
1132607
245
_a
Biological Resources of Model Organisms
260
_b
CRC Press
_c
2020
942
_c
TEXL
999
_c
1715804
_d
1715804